[Event "Praha"]
[Site "?"]
[Date "2023.01.10"]
[Round "6.11"]
[White "Kulhanek, Tomas"]
[Black "Chubakov, Sultan"]
[Result "1-0"]
[BlackElo "2039"]
[WhiteElo "2320"]
[LiveChessVersion "1.4.8"]

1. e4 {[%clk 1:30:57]} c6 {[%clk 1:30:38]} 2. Nc3 {[%clk 1:30:51]} d5
{[%clk 1:30:46]} 3. Nf3 {[%clk 1:31:16]} dxe4 {[%clk 1:30:43]} 4. Nxe4
{[%clk 1:31:40]} Nf6 {[%clk 1:30:55]} 5. Ng3 {[%clk 1:32:04]} h5 {[%clk 1:30:52]}
6. h3 {[%clk 1:32:23]} h4 {[%clk 1:29:29]} 7. Ne2 {[%clk 1:32:47]} Bf5
{[%clk 1:20:36]} 8. d4 {[%clk 1:32:45]} Ne4 {[%clk 1:17:03]} 9. Nf4
{[%clk 1:27:02]} e6 {[%clk 1:13:19]} 10. c3 {[%clk 1:20:54]} Nd7 {[%clk 1:09:11]}
11. Bd3 {[%clk 1:16:50]} Bd6 {[%clk 0:59:12]} 12. Qe2 {[%clk 1:10:12]} Ndf6
{[%clk 0:58:13]} 13. Ng5 {[%clk 1:09:00]} Nxg5 {[%clk 0:45:47]} 14. Bxf5
{[%clk 1:09:21]} Bxf4 {[%clk 0:36:43]} 15. Bxf4 {[%clk 1:09:16]} Qd5
{[%clk 0:36:36]} 16. Qe5 {[%clk 0:40:35]} Rh5 {[%clk 0:19:48]} 17. Qxd5
{[%clk 0:38:45]} Nxd5 {[%clk 0:19:10]} 18. Bxg5 {[%clk 0:38:51]} exf5
{[%clk 0:18:49]} 19. Bd2 {[%clk 0:38:39]} Kd7 {[%clk 0:17:58]} 20. f3
{[%clk 0:33:10]} g5 {[%clk 0:16:03]} 21. c4 {[%clk 0:32:24]} Nc7 {[%clk 0:15:40]}
22. O-O-O {[%clk 0:31:16]} f4 {[%clk 0:13:44]} 23. Rhe1 {[%clk 0:29:15]} Rhh8
{[%clk 0:13:09]} 24. Kc2 {[%clk 0:26:42]} Rhe8 {[%clk 0:13:00]} 25. Ba5
{[%clk 0:23:42]} b6 {[%clk 0:11:29]} 26. Bc3 {[%clk 0:24:02]} f5 {[%clk 0:08:03]}
27. Re5 {[%clk 0:14:35]} Rxe5 {[%clk 0:06:54]} 28. dxe5+ {[%clk 0:14:58]} Ke7
{[%clk 0:06:52]} 29. Rd6 {[%clk 0:14:40]} c5 {[%clk 0:06:39]} 30. Rh6
{[%clk 0:14:59]} Rf8 {[%clk 0:06:01]} 31. b4 {[%clk 0:15:11]} Ne6
{[%clk 0:04:36]} 32. Kb3 {[%clk 0:13:17]} Kf7 {[%clk 0:03:16]} 33. Rh7+
{[%clk 0:12:47]} Kg6 {[%clk 0:01:51]} 34. Re7 {[%clk 0:10:59]} Nd8
{[%clk 0:01:42]} 35. b5 {[%clk 0:07:03]} Rf7 {[%clk 0:01:23]} 36. Re8
{[%clk 0:07:22]} Nb7 {[%clk 0:01:05]} 37. e6 {[%clk 0:07:28]} Rh7
{[%clk 0:01:15]} 38. Rg8+ {[%clk 0:06:46]} Kh6 {[%clk 0:01:15]} 39. Bf6
{[%clk 0:06:51]} g4 {[%clk 0:01:19]} 40. e7 1-0

[Event "Praha"]
[Site "?"]
[Date "2023.01.10"]
[Round "6.12"]
[White "Warchol, Kamil"]
[Black "Bochnicka, Vladimir"]
[Result "1/2-1/2"]
[BlackElo "2345"]
[WhiteElo "2163"]
[LiveChessVersion "1.4.8"]

1. e4 {[%clk 1:30:56]} c5 {[%clk 1:30:53]} 2. Nf3 {[%clk 1:31:11]} d6
{[%clk 1:31:14]} 3. d4 {[%clk 1:31:15]} cxd4 {[%clk 1:31:37]} 4. Nxd4
{[%clk 1:31:35]} Nf6 {[%clk 1:31:53]} 5. Nc3 {[%clk 1:31:58]} Nc6
{[%clk 1:32:01]} 6. Bc4 {[%clk 1:31:01]} e6 {[%clk 1:30:54]} 7. Be3
{[%clk 1:30:39]} Be7 {[%clk 1:29:20]} 8. Qe2 {[%clk 1:29:51]} a6 {[%clk 1:29:36]}
9. Bb3 {[%clk 1:28:38]} O-O {[%clk 1:23:54]} 10. O-O-O {[%clk 1:25:20]} Nxd4
{[%clk 1:23:34]} 11. Rxd4 {[%clk 1:11:27]} Nd7 {[%clk 1:17:02]} 12. Rhd1
{[%clk 1:02:01]} Qc7 {[%clk 1:10:28]} 13. f4 {[%clk 0:51:40]} b5 {[%clk 0:54:08]}
14. Kb1 {[%clk 0:43:47]} Nc5 {[%clk 0:47:18]} 15. Bf2 {[%clk 0:33:11]} Bb7
{[%clk 0:36:45]} 16. f5 {[%clk 0:17:47]} Rad8 {[%clk 0:22:10]} 17. Bg3
{[%clk 0:15:58]} e5 {[%clk 0:18:09]} 18. Nd5 {[%clk 0:11:45]} Qd7
{[%clk 0:16:37]} 19. R4d2 {[%clk 0:11:17]} Kh8 {[%clk 0:12:25]} 20. Qe3
{[%clk 0:10:15]} Rg8 {[%clk 0:09:56]} 21. Rf2 {[%clk 0:07:55]} 1/2-1/2

[Event "Praha"]
[Site "?"]
[Date "2023.01.10"]
[Round "6.13"]
[White "Shatil, Shir"]
[Black "Ivanov, Mike"]
[Result "1/2-1/2"]
[BlackElo "2319"]
[WhiteElo "2149"]
[LiveChessVersion "1.4.8"]

1. d4 {[%clk 1:30:58]} Nf6 {[%clk 1:30:45]} 2. c4 {[%clk 1:31:25]} e6
{[%clk 1:31:07]} 3. Nf3 {[%clk 1:31:51]} Bb4+ {[%clk 1:27:10]} 4. Bd2
{[%clk 1:32:11]} a5 {[%clk 1:22:05]} 5. a3 {[%clk 1:30:52]} Bxd2+
{[%clk 1:21:28]} 6. Qxd2 {[%clk 1:31:03]} d6 {[%clk 1:20:27]} 7. Nc3
{[%clk 1:30:47]} Nbd7 {[%clk 1:18:41]} 8. g3 {[%clk 1:23:27]} b6 {[%clk 1:11:26]}
9. Bg2 {[%clk 1:20:05]} Bb7 {[%clk 1:11:29]} 10. O-O {[%clk 1:19:30]} Ne4
{[%clk 1:10:18]} 11. Nxe4 {[%clk 1:13:20]} Bxe4 {[%clk 1:10:45]} 12. Qc3
{[%clk 1:11:48]} a4 {[%clk 1:06:05]} 13. Nd2 {[%clk 1:06:34]} Bxg2
{[%clk 1:06:20]} 14. Kxg2 {[%clk 1:07:02]} O-O {[%clk 1:05:06]} 15. e4
{[%clk 1:02:20]} e5 {[%clk 1:02:12]} 16. Rae1 {[%clk 0:55:10]} Qf6
{[%clk 0:57:08]} 17. Nf3 {[%clk 0:47:04]} Rfe8 {[%clk 0:55:00]} 18. Re3
{[%clk 0:41:09]} Re7 {[%clk 0:47:23]} 19. Rfe1 {[%clk 0:39:12]} Rae8
{[%clk 0:46:56]} 20. h3 {[%clk 0:37:42]} h6 {[%clk 0:45:57]} 21. R1e2
{[%clk 0:34:45]} Re6 {[%clk 0:44:50]} 22. Re1 {[%clk 0:33:45]} Qd8
{[%clk 0:44:40]} 23. Nd2 {[%clk 0:31:35]} Qa8 {[%clk 0:43:36]} 24. Kh2
{[%clk 0:26:29]} Rf6 {[%clk 0:36:37]} 25. Kg1 {[%clk 0:25:58]} Qc8
{[%clk 0:33:52]} 26. Kg2 {[%clk 0:26:07]} Qa8 {[%clk 0:34:12]} 27. Kg1
{[%clk 0:26:28]} Qb7 {[%clk 0:27:17]} 28. Rc1 {[%clk 0:18:19]} Qa7
{[%clk 0:25:36]} 29. Nf3 {[%clk 0:16:15]} Rfe6 {[%clk 0:23:49]} 30. Rce1
{[%clk 0:16:05]} Qa8 {[%clk 0:23:46]} 31. Nd2 {[%clk 0:15:06]} R6e7
{[%clk 0:22:22]} 32. Qd3 {[%clk 0:14:15]} Nf6 {[%clk 0:12:50]} 33. R1e2
{[%clk 0:11:54]} Qb7 {[%clk 0:10:50]} 34. Qc3 {[%clk 0:09:39]} Qc8
{[%clk 0:06:39]} 35. Kg2 {[%clk 0:09:27]} h5 {[%clk 0:04:55]} 36. Re1
{[%clk 0:04:17]} Qb7 {[%clk 0:04:40]} 37. R1e2 {[%clk 0:03:18]} Nd7
{[%clk 0:04:35]} 38. Kg1 {[%clk 0:03:34]} h4 {[%clk 0:03:33]} 39. d5
{[%clk 0:02:24]} hxg3 {[%clk 0:03:28]} 40. fxg3 {[%clk 0:02:47]} b5
{[%clk 0:01:39]} 41. Kg2 {[%clk 0:27:43]} bxc4 {[%clk 0:17:45]} 42. Nxc4
{[%clk 0:27:37]} Nc5 {[%clk 0:17:13]} 43. Na5 {[%clk 0:27:16]} Qa8
{[%clk 0:14:23]} 44. Nc6 {[%clk 0:25:58]} Rd7 {[%clk 0:14:51]} 45. Qc4
{[%clk 0:20:43]} f6 {[%clk 0:14:44]} 46. Rf2 {[%clk 0:19:03]} Rf8
{[%clk 0:15:03]} 47. Qe2 {[%clk 0:18:26]} Rdf7 {[%clk 0:09:28]} 48. Qh5
{[%clk 0:17:28]} Qa6 {[%clk 0:09:39]} 49. Rxf6 {[%clk 0:12:28]} gxf6
{[%clk 0:07:38]} 1/2-1/2

[Event "Praha"]
[Site "?"]
[Date "2023.01.10"]
[Round "6.14"]
[White "Sindler, Michal"]
[Black "Vojta, Jakub"]
[Result "1/2-1/2"]
[BlackElo "2288"]
[WhiteElo "2141"]
[LiveChessVersion "1.4.8"]

1. e4 {[%clk 1:30:56]} c5 {[%clk 1:30:57]} 2. Nf3 {[%clk 1:31:17]} Nc6
{[%clk 1:31:24]} 3. Bb5 {[%clk 1:31:36]} Qb6 {[%clk 1:31:51]} 4. Nc3
{[%clk 1:31:06]} e6 {[%clk 1:32:17]} 5. O-O {[%clk 1:31:03]} Nge7
{[%clk 1:32:44]} 6. Re1 {[%clk 1:14:53]} a6 {[%clk 1:33:12]} 7. Bxc6
{[%clk 1:11:49]} Nxc6 {[%clk 1:33:15]} 8. b3 {[%clk 1:05:52]} Be7
{[%clk 1:31:38]} 9. Bb2 {[%clk 1:02:39]} O-O {[%clk 1:32:05]} 10. Nd5
{[%clk 0:58:11]} exd5 {[%clk 1:32:31]} 11. exd5 {[%clk 0:58:31]} Qd8
{[%clk 1:32:58]} 12. dxc6 {[%clk 0:58:15]} dxc6 {[%clk 1:33:11]} 13. Ne5
{[%clk 0:52:54]} Bf6 {[%clk 1:32:06]} 14. Qf3 {[%clk 0:50:49]} Be6
{[%clk 1:10:00]} 1/2-1/2

[Event "Praha"]
[Site "?"]
[Date "2023.01.10"]
[Round "6.15"]
[White "Lorscheid, Gerhard"]
[Black "Goroshkov, Maksym"]
[Result "0-1"]
[BlackElo "2261"]
[WhiteElo "2139"]
[LiveChessVersion "1.4.8"]

1. Nf3 {[%clk 1:30:56]} Nf6 {[%clk 1:30:44]} 2. g3 {[%clk 1:31:02]} g6
{[%clk 1:31:07]} 3. Bg2 {[%clk 1:30:52]} Bg7 {[%clk 1:31:31]} 4. O-O
{[%clk 1:30:51]} O-O {[%clk 1:31:49]} 5. d4 {[%clk 1:30:27]} d6 {[%clk 1:30:19]}
6. b3 {[%clk 1:28:05]} c6 {[%clk 1:29:39]} 7. Bb2 {[%clk 1:28:28]} Bg4
{[%clk 1:29:21]} 8. h3 {[%clk 1:25:46]} Bxf3 {[%clk 1:27:47]} 9. Bxf3
{[%clk 1:26:07]} Qc7 {[%clk 1:27:49]} 10. c4 {[%clk 1:18:21]} Nbd7
{[%clk 1:27:14]} 11. Qc2 {[%clk 1:17:35]} Rad8 {[%clk 1:25:19]} 12. Nd2
{[%clk 1:13:18]} e5 {[%clk 1:23:55]} 13. dxe5 {[%clk 1:13:18]} dxe5
{[%clk 1:23:31]} 14. Rac1 {[%clk 1:05:08]} Rfe8 {[%clk 1:22:37]} 15. a3
{[%clk 1:02:05]} Nc5 {[%clk 1:21:21]} 16. b4 {[%clk 1:02:18]} Ne6
{[%clk 1:20:13]} 17. e3 {[%clk 1:01:57]} Ng5 {[%clk 1:17:54]} 18. Bg2
{[%clk 1:01:18]} Qd7 {[%clk 1:18:19]} 19. h4 {[%clk 1:00:35]} Nh3+
{[%clk 1:16:04]} 20. Kh1 {[%clk 1:00:41]} Qxd2 {[%clk 1:16:07]} 21. Bxh3
{[%clk 1:00:44]} Ne4 {[%clk 1:12:45]} 22. Bg2 {[%clk 1:00:37]} f5
{[%clk 1:12:55]} 23. Kg1 {[%clk 0:50:34]} Qxc2 {[%clk 1:07:30]} 24. Rxc2
{[%clk 0:51:02]} Rd3 {[%clk 1:07:51]} 25. Bf3 {[%clk 0:42:41]} Red8
{[%clk 1:06:12]} 26. Be2 {[%clk 0:41:21]} Rd2 {[%clk 1:03:28]} 27. Rfc1
{[%clk 0:41:45]} f4 {[%clk 0:53:44]} 28. Kg2 {[%clk 0:33:35]} fxe3
{[%clk 0:52:11]} 29. fxe3 {[%clk 0:33:37]} h5 {[%clk 0:48:25]} 30. Kf3
{[%clk 0:31:33]} Nc5 {[%clk 0:45:27]} 31. Rxd2 {[%clk 0:12:35]} e4+
{[%clk 0:45:45]} 32. Kg2 {[%clk 0:12:42]} Rxd2 {[%clk 0:45:58]} 33. Bxg7
{[%clk 0:13:06]} Nd3 {[%clk 0:44:10]} 34. Rd1 {[%clk 0:11:46]} Rxe2+
{[%clk 0:44:33]} 35. Kf1 {[%clk 0:12:13]} Rxe3 {[%clk 0:44:32]} 36. Bd4
{[%clk 0:12:00]} Rxg3 {[%clk 0:44:53]} 37. Bxa7 {[%clk 0:11:56]} Ne5
{[%clk 0:41:47]} 38. Rd8+ {[%clk 0:09:49]} Kf7 {[%clk 0:42:10]} 39. Rb8
{[%clk 0:10:16]} Nxc4 {[%clk 0:41:42]} 40. Rxb7+ {[%clk 0:10:37]} Ke6
{[%clk 0:42:08]} 41. a4 {[%clk 0:10:36]} Rf3+ {[%clk 0:41:48]} 42. Ke2
{[%clk 0:10:22]} Ra3 {[%clk 0:42:06]} 43. a5 {[%clk 0:10:07]} Ra2+
{[%clk 0:42:23]} 44. Ke1 {[%clk 0:10:07]} Ne5 {[%clk 0:42:22]} 45. Kf1
{[%clk 0:07:09]} Nf3 {[%clk 0:36:31]} 46. Bf2 {[%clk 0:06:10]} Nd2+
{[%clk 0:31:20]} 47. Ke1 {[%clk 0:06:14]} Nc4 {[%clk 0:30:59]} 48. Bc5
{[%clk 0:05:43]} Ne5 {[%clk 0:29:54]} 49. Kf1 {[%clk 0:05:24]} Nd3
{[%clk 0:28:31]} 50. Be3 {[%clk 0:02:37]} Kf5 {[%clk 0:26:46]} 51. Rf7+
{[%clk 0:02:47]} Kg4 {[%clk 0:26:47]} 52. Rf6 {[%clk 0:03:08]} Nxb4
{[%clk 0:26:21]} 53. Rxg6+ {[%clk 0:25:56]} Kf3 {[%clk 0:56:33]} 54. Bd4
{[%clk 0:26:24]} e3 {[%clk 0:55:36]} 55. Rf6+ {[%clk 0:26:01]} Ke4
{[%clk 0:55:42]} 56. Bc3 {[%clk 0:23:03]} e2+ {[%clk 0:53:32]} 57. Kf2
{[%clk 0:23:13]} Nd3+ {[%clk 0:53:11]} 58. Kg1 {[%clk 0:22:21]} Ra1+
{[%clk 0:51:53]} 59. Kh2 {[%clk 0:22:48]} e1=Q {[%clk 0:50:42]} 0-1

[Event "Praha"]
[Site "?"]
[Date "2023.01.10"]
[Round "6.16"]
[White "Oberhofer, Cedric"]
[Black "Ocelak, Jakub"]
[Result "1/2-1/2"]
[BlackElo "2105"]
[WhiteElo "2259"]
[LiveChessVersion "1.4.8"]

1. c4 {[%clk 1:30:56]} e5 {[%clk 1:28:54]} 2. g3 {[%clk 1:31:20]} c6
{[%clk 1:28:56]} 3. Nf3 {[%clk 1:31:24]} e4 {[%clk 1:29:17]} 4. Nd4
{[%clk 1:31:48]} d5 {[%clk 1:29:44]} 5. cxd5 {[%clk 1:31:08]} Qxd5
{[%clk 1:27:26]} 6. Nc2 {[%clk 1:31:30]} Nf6 {[%clk 1:27:29]} 7. Nc3
{[%clk 1:30:14]} Qe5 {[%clk 1:26:41]} 8. Bg2 {[%clk 1:25:49]} Na6
{[%clk 1:27:06]} 9. Rb1 {[%clk 1:18:01]} Be7 {[%clk 1:27:13]} 10. b4
{[%clk 1:16:13]} O-O {[%clk 1:27:35]} 11. Bb2 {[%clk 1:14:42]} Qe6
{[%clk 1:23:09]} 12. a3 {[%clk 1:13:12]} c5 {[%clk 1:19:21]} 13. b5
{[%clk 1:05:34]} Nc7 {[%clk 1:18:57]} 14. Ne3 {[%clk 1:05:08]} Re8
{[%clk 0:53:01]} 15. O-O {[%clk 0:58:21]} b6 {[%clk 0:43:50]} 16. f3
{[%clk 0:52:12]} Bb7 {[%clk 0:34:25]} 17. Qc2 {[%clk 0:51:51]} Bf8
{[%clk 0:32:13]} 18. a4 {[%clk 0:37:21]} Rad8 {[%clk 0:29:45]} 19. Rbd1
{[%clk 0:36:57]} Rd7 {[%clk 0:19:26]} 20. fxe4 {[%clk 0:29:49]} Nxe4
{[%clk 0:19:37]} 21. Nf5 {[%clk 0:22:36]} Nxc3 {[%clk 0:14:34]} 22. Qxc3
{[%clk 0:21:41]} Nd5 {[%clk 0:12:20]} 23. Qc1 {[%clk 0:20:06]} Ne7
{[%clk 0:11:19]} 24. Nxe7+ {[%clk 0:17:20]} Rdxe7 {[%clk 0:10:51]} 1/2-1/2

[Event "Praha"]
[Site "?"]
[Date "2023.01.10"]
[Round "6.17"]
[White "Koridze, Lile"]
[Black "Oye-Stromberg, Alexander"]
[Result "0-1"]
[BlackElo "2254"]
[WhiteElo "2139"]
[LiveChessVersion "1.4.8"]

1. d4 {[%clk 1:30:58]} g6 {[%clk 1:30:15]} 2. e4 {[%clk 1:30:23]} Bg7
{[%clk 1:30:26]} 3. c4 {[%clk 1:30:36]} d6 {[%clk 1:28:08]} 4. Nc3
{[%clk 1:29:00]} Nf6 {[%clk 1:27:55]} 5. Nf3 {[%clk 1:28:35]} O-O
{[%clk 1:27:56]} 6. Be2 {[%clk 1:28:52]} Bg4 {[%clk 1:25:20]} 7. Bf4
{[%clk 1:20:44]} Nfd7 {[%clk 1:21:03]} 8. Qd2 {[%clk 1:12:18]} Bxf3
{[%clk 1:16:02]} 9. Bxf3 {[%clk 1:12:42]} Nc6 {[%clk 1:15:42]} 10. Be3
{[%clk 1:02:47]} e5 {[%clk 1:14:00]} 11. d5 {[%clk 0:54:46]} Nd4 {[%clk 1:12:34]}
12. Bxd4 {[%clk 0:51:55]} exd4 {[%clk 1:12:54]} 13. Nb5 {[%clk 0:52:17]} Ne5
{[%clk 0:58:29]} 14. Be2 {[%clk 0:48:44]} Qh4 {[%clk 0:53:55]} 15. O-O
{[%clk 0:46:54]} d3 {[%clk 0:31:15]} 16. Bxd3 {[%clk 0:39:19]} Nf3+
{[%clk 0:31:20]} 17. gxf3 {[%clk 0:39:17]} Bh6 {[%clk 0:31:07]} 18. Qc2
{[%clk 0:36:31]} Bf4 {[%clk 0:31:23]} 19. Rfe1 {[%clk 0:34:57]} Qh3
{[%clk 0:31:16]} 20. Nxc7 {[%clk 0:32:03]} Bxh2+ {[%clk 0:30:00]} 21. Kh1
{[%clk 0:32:28]} Bf4+ {[%clk 0:30:21]} 22. Kg1 {[%clk 0:32:44]} Rae8
{[%clk 0:27:51]} 23. Ne6 {[%clk 0:24:53]} fxe6 {[%clk 0:27:40]} 24. dxe6
{[%clk 0:24:58]} Rxe6 {[%clk 0:27:37]} 25. c5 {[%clk 0:24:49]} Rf5
{[%clk 0:27:47]} 0-1

[Event "Praha"]
[Site "?"]
[Date "2023.01.10"]
[Round "6.18"]
[White "Zolfagharian, Kevin"]
[Black "Kreken, Eivind Grunt"]
[Result "1-0"]
[BlackElo "2104"]
[WhiteElo "2227"]
[LiveChessVersion "1.4.8"]

1. e4 {[%clk 1:30:58]} e5 {[%clk 1:29:02]} 2. Nf3 {[%clk 1:30:24]} Nc6
{[%clk 1:29:15]} 3. Bc4 {[%clk 1:30:53]} Bc5 {[%clk 1:29:28]} 4. c3
{[%clk 1:31:17]} Nf6 {[%clk 1:29:43]} 5. d4 {[%clk 1:31:45]} exd4
{[%clk 1:29:45]} 6. e5 {[%clk 1:32:14]} d5 {[%clk 1:29:46]} 7. Be2
{[%clk 1:32:41]} Ne4 {[%clk 1:27:27]} 8. cxd4 {[%clk 1:32:50]} Bb6
{[%clk 1:21:27]} 9. O-O {[%clk 1:32:59]} O-O {[%clk 1:15:57]} 10. Nc3
{[%clk 1:33:19]} Bg4 {[%clk 1:11:28]} 11. Be3 {[%clk 1:33:19]} f6
{[%clk 1:03:01]} 12. h3 {[%clk 1:32:50]} Bxf3 {[%clk 0:48:06]} 13. Bxf3
{[%clk 1:33:11]} fxe5 {[%clk 0:47:07]} 14. Bxe4 {[%clk 1:33:33]} dxe4
{[%clk 0:43:34]} 15. Qb3+ {[%clk 1:33:50]} Kh8 {[%clk 0:42:41]} 16. dxe5
{[%clk 1:34:15]} Nxe5 {[%clk 0:39:44]} 17. Nxe4 {[%clk 1:33:48]} Bxe3
{[%clk 0:34:32]} 18. Qxe3 {[%clk 1:21:27]} Qd3 {[%clk 0:25:05]} 19. Qxd3
{[%clk 1:16:26]} Nxd3 {[%clk 0:25:34]} 20. Rfd1 {[%clk 1:15:44]} Rfd8
{[%clk 0:16:24]} 21. Rd2 {[%clk 1:05:40]} c5 {[%clk 0:14:02]} 22. Rad1
{[%clk 0:37:55]} c4 {[%clk 0:14:01]} 23. b3 {[%clk 0:22:19]} b5 {[%clk 0:14:03]}
24. Nc3 {[%clk 0:22:13]} a6 {[%clk 0:08:44]} 25. a4 {[%clk 0:21:53]} Rdc8
{[%clk 0:00:56]} 26. axb5 {[%clk 0:21:31]} axb5 {[%clk 0:00:38]} 27. Nxb5
{[%clk 0:21:25]} Ne5 {[%clk 0:00:33]} 28. Rd5 {[%clk 0:17:54]} Nd3
{[%clk 0:00:32]} 29. Nd6 {[%clk 0:16:47]} Rf8 {[%clk 0:00:44]} 30. bxc4
{[%clk 0:14:56]} Nxf2 {[%clk 0:00:33]} 31. Rf1 {[%clk 0:15:12]} Rf6
{[%clk 0:00:33]} 32. Rd2 {[%clk 0:14:19]} 1-0

[Event "Praha"]
[Site "?"]
[Date "2023.01.10"]
[Round "6.19"]
[White "Husa, Daniel"]
[Black "Stevik, Patrik"]
[Result "0-1"]
[BlackElo "2222"]
[WhiteElo "1995"]
[LiveChessVersion "1.4.8"]

1. e4 {[%clk 1:27:52]} e5 {[%clk 1:27:09]} 2. Nf3 {[%clk 1:28:16]} d6
{[%clk 1:27:29]} 3. d4 {[%clk 1:27:21]} Nd7 {[%clk 1:27:53]} 4. Bc4
{[%clk 1:26:11]} c6 {[%clk 1:22:52]} 5. a4 {[%clk 1:16:31]} Be7 {[%clk 1:22:02]}
6. O-O {[%clk 1:15:40]} Ngf6 {[%clk 1:21:37]} 7. Nc3 {[%clk 1:14:20]} O-O
{[%clk 1:21:28]} 8. h3 {[%clk 1:11:51]} h6 {[%clk 1:17:01]} 9. Re1
{[%clk 1:02:59]} Qc7 {[%clk 1:15:01]} 10. Be3 {[%clk 0:59:13]} Nxe4
{[%clk 1:06:54]} 11. Nxe4 {[%clk 0:55:27]} d5 {[%clk 1:06:59]} 12. Nc3
{[%clk 0:34:51]} dxc4 {[%clk 1:05:57]} 13. dxe5 {[%clk 0:32:01]} Nxe5
{[%clk 1:03:00]} 14. Nxe5 {[%clk 0:25:49]} Qxe5 {[%clk 1:03:28]} 15. Bxh6
{[%clk 0:17:38]} Qf6 {[%clk 1:01:54]} 16. Be3 {[%clk 0:17:40]} Be6
{[%clk 1:00:46]} 17. Qe2 {[%clk 0:16:10]} Qg6 {[%clk 0:59:15]} 18. Kh1
{[%clk 0:14:49]} Bf6 {[%clk 0:57:54]} 19. Rad1 {[%clk 0:12:48]} Rfe8
{[%clk 0:56:38]} 20. Rd2 {[%clk 0:09:17]} Qf5 {[%clk 0:45:36]} 21. Kg1
{[%clk 0:03:52]} Qa5 {[%clk 0:37:38]} 22. Bd4 {[%clk 0:02:20]} Bd7
{[%clk 0:37:32]} 23. Qd1 {[%clk 0:01:17]} Rxe1+ {[%clk 0:35:47]} 24. Qxe1
{[%clk 0:01:46]} Re8 {[%clk 0:35:48]} 25. Qd1 {[%clk 0:01:25]} Bg5
{[%clk 0:35:15]} 26. Re2 {[%clk 0:00:51]} Be6 {[%clk 0:30:39]} 27. Re5
{[%clk 0:00:43]} Qd8 {[%clk 0:31:08]} 28. Bxa7 {[%clk 0:00:39]} Qxd1+
{[%clk 0:30:49]} 29. Nxd1 {[%clk 0:01:07]} Bf6 {[%clk 0:31:03]} 30. Re4
{[%clk 0:00:33]} Ra8 {[%clk 0:30:41]} 31. Bd4 {[%clk 0:00:49]} Rd8
{[%clk 0:31:01]} 32. c3 {[%clk 0:00:35]} c5 {[%clk 0:31:22]} 33. Bxc5
{[%clk 0:00:33]} Rxd1+ {[%clk 0:31:43]} 34. Kh2 {[%clk 0:01:00]} Rd2
{[%clk 0:31:42]} 35. Ba3 {[%clk 0:00:45]} Rxf2 {[%clk 0:32:01]} 36. Kg3
{[%clk 0:00:37]} Rd2 {[%clk 0:31:47]} 37. Kh2 {[%clk 0:00:32]} Bd5
{[%clk 0:32:00]} 38. Rg4 {[%clk 0:00:53]} Bf3 {[%clk 0:32:18]} 0-1

[Event "Praha"]
[Site "?"]
[Date "2023.01.10"]
[Round "6.20"]
[White "Nielsen, Andre"]
[Black "Hlavina, Matous"]
[Result "1-0"]
[BlackElo "2102"]
[WhiteElo "2212"]
[LiveChessVersion "1.4.8"]

1. e4 {[%clk 1:30:56]} e6 {[%clk 1:30:49]} 2. d4 {[%clk 1:31:08]} d5
{[%clk 1:31:00]} 3. Nc3 {[%clk 1:31:16]} Nf6 {[%clk 1:30:59]} 4. Bg5
{[%clk 1:31:32]} dxe4 {[%clk 1:31:12]} 5. Nxe4 {[%clk 1:31:45]} Nbd7
{[%clk 1:31:29]} 6. Nf3 {[%clk 1:29:22]} h6 {[%clk 1:30:06]} 7. Nxf6+
{[%clk 1:29:30]} Nxf6 {[%clk 1:30:20]} 8. Bh4 {[%clk 1:29:50]} c5
{[%clk 1:30:40]} 9. c3 {[%clk 1:18:45]} cxd4 {[%clk 1:28:49]} 10. Qxd4
{[%clk 1:18:16]} Qxd4 {[%clk 1:28:06]} 11. Nxd4 {[%clk 1:18:38]} Be7
{[%clk 1:27:38]} 12. Be2 {[%clk 1:10:42]} O-O {[%clk 1:24:56]} 13. O-O-O
{[%clk 1:10:19]} g5 {[%clk 1:18:50]} 14. Bg3 {[%clk 1:10:09]} Ne4
{[%clk 1:18:51]} 15. Bf3 {[%clk 0:56:53]} Nxg3 {[%clk 1:18:41]} 16. hxg3
{[%clk 0:57:12]} Kg7 {[%clk 1:19:04]} 17. g4 {[%clk 0:54:10]} a6 {[%clk 1:16:18]}
18. Rd2 {[%clk 0:48:57]} Rb8 {[%clk 1:14:29]} 19. Rhd1 {[%clk 0:44:12]} Bf6
{[%clk 1:11:18]} 20. a4 {[%clk 0:43:01]} Re8 {[%clk 1:05:14]} 21. Ne2
{[%clk 0:40:07]} Be5 {[%clk 0:54:23]} 22. Ng3 {[%clk 0:33:32]} Kf8
{[%clk 0:49:40]} 23. Nh5 {[%clk 0:28:04]} Ke7 {[%clk 0:48:38]} 24. Re2
{[%clk 0:26:08]} f6 {[%clk 0:44:48]} 25. Red2 {[%clk 0:25:57]} b5
{[%clk 0:41:49]} 26. Bc6 {[%clk 0:20:14]} Rg8 {[%clk 0:41:09]} 27. g3
{[%clk 0:16:38]} b4 {[%clk 0:34:21]} 28. c4 {[%clk 0:12:18]} b3 {[%clk 0:33:40]}
29. f4 {[%clk 0:10:33]} Bc7 {[%clk 0:33:08]} 30. Rd7+ {[%clk 0:10:05]} Bxd7
{[%clk 0:31:57]} 31. Rxd7+ {[%clk 0:10:29]} Kf8 {[%clk 0:32:22]} 32. Rxc7
{[%clk 0:09:22]} Rb4 {[%clk 0:31:31]} 33. Kd2 {[%clk 0:06:33]} gxf4
{[%clk 0:30:55]} 34. Nxf6 {[%clk 0:02:11]} Rg7 {[%clk 0:30:10]} 35. Rxg7
{[%clk 0:02:19]} Kxg7 {[%clk 0:30:38]} 36. Nh5+ {[%clk 0:02:38]} Kf7
{[%clk 0:31:00]} 37. Kc3 {[%clk 0:02:29]} Rb6 {[%clk 0:31:19]} 38. Bf3
{[%clk 0:01:21]} fxg3 {[%clk 0:31:35]} 39. Nxg3 {[%clk 0:01:35]} Kf6
{[%clk 0:31:46]} 40. c5 {[%clk 0:00:58]} Rb8 {[%clk 0:32:11]} 41. Ne4+
{[%clk 0:19:21]} Ke5 {[%clk 1:02:33]} 42. Nd6 {[%clk 0:19:42]} Rg8
{[%clk 0:58:29]} 43. Nc4+ {[%clk 0:17:45]} Kf4 {[%clk 0:58:21]} 44. Be2
{[%clk 0:17:35]} e5 {[%clk 0:57:58]} 45. Kxb3 {[%clk 0:15:31]} Rc8
{[%clk 0:57:14]} 46. Kb4 {[%clk 0:14:57]} e4 {[%clk 0:57:38]} 47. Nb6
{[%clk 0:14:27]} Rc6 {[%clk 0:56:15]} 48. Nd5+ {[%clk 0:13:26]} Kg3
{[%clk 0:55:55]} 49. Kc4 {[%clk 0:13:19]} Kf2 {[%clk 0:56:24]} 50. Nc3
{[%clk 0:13:39]} 1-0